| 000 | 00400nam a22001697a 4500 | ||
|---|---|---|---|
| 003 | MPLRDC | ||
| 005 | 20220104164009.0 | ||
| 008 | 210129b ||||| |||| 00| 0 eng d | ||
| 020 | _a0-330-20180-8 | ||
| 082 | _a870.57 SMI-2 | ||
| 100 | _aWILBUR SMITH | ||
| 245 |
_aTHE DARK OF THE SUN _c |
||
| 260 |
_a _bWILLIAM HEINEMANN LTD _c1965 |
||
| 300 | _b平 | ||
| 650 | _a | ||
| 942 |
_cBK _o870.57 SMI-2 |
||
| 999 |
_c56747 _d56737 |
||